| 000 | 01252nam a22002778a 4500 | ||
|---|---|---|---|
| 005 | 20090623154253.0 | ||
| 010 | _aENG-97017 | ||
| 020 |
_a9788125033882 _c695.00 |
||
| 035 | _aEN-80550 | ||
| 037 | _bDBAD / PUB | ||
| 082 | _a303.61 | ||
| 245 |
_aRethinking Gandhi and nonviolent relationality : _bglobal perspectives / _cedited by Debjani Ganguly [and] John Docker |
||
| 260 |
_aNew Delhi _bOrient BlackSwan _c2009 |
||
| 300 |
_axi, 353p. _c23cm (Hb) |
||
| 500 | _aBased on presentations at a symposium on Gandhi held in late 2004 on the premises of the Humanities Research Centre at the Australian National University. | ||
| 500 | _aIncludes index | ||
| 600 | 1 |
_aGandhi, _cMahatma, _d1869-1948 _xTeachings _vCongresses. _93741 |
|
| 600 |
_aGandhi, _xInfluence _vCongresses. _93742 |
||
| 650 |
_aNonviolence _vCongresses. _93743 |
||
| 650 |
_aCivil disobedience _vCongresses. _93744 |
||
| 700 |
_aGanguly, Debjani _92504 |
||
| 700 |
_aDocker, John _92505 |
||
| 710 |
_aAustralian National University. _bHumanities Research Centre. _92506 |
||
| 942 |
_2ddc _cEN _h303.61 _mRET |
||
| 999 |
_c27813 _d27813 |
||